Predvoj týždenník pre politiku, kultúru a hospodárstvo
| New Title: | Kultúrna tvorba Predvoj Nové slovo |
|---|---|
| Previous Title: | Pod zástavou socializmu |
| Format: | Journal |
| Language: | Slovak |
| Published: |
Bratislava
Pravda
1957-1968
|
| Subjects: |
MARC
| LEADER | 00000cas a2200000 a 4500 | ||
|---|---|---|---|
| 001 | vtls010302006 | ||
| 003 | SK-MaSNL | ||
| 005 | 20260228162811.0 | ||
| 008 | 110810d19571968xo wr|p 0 b0slo | ||
| 022 | |a 0551-9292 | ||
| 035 | |a (SVKBB03)vtls000128958 | ||
| 035 | |a (SVKBB03)vtls000115261 | ||
| 040 | |a SNK |b slo |c SNK |e AACR2 | ||
| 041 | 0 | |a slo | |
| 044 | |a xo |c SK | ||
| 072 | 7 | |a 32 |x Politika |2 konspekt | |
| 072 | 7 | |a 33 |x Ekonómia |2 konspekt | |
| 080 | |a 32 |2 2001 | ||
| 080 | |a 33 |2 2001 | ||
| 080 | |a 008 |2 2001 | ||
| 080 | |a 050 |2 2001 | ||
| 210 | 0 | |a Predvoj |b (Bratislava) | |
| 222 | 0 | |a Predvoj |b (Bratislava) | |
| 245 | 0 | 0 | |a Predvoj |b týždenník pre politiku, kultúru a hospodárstvo |
| 260 | |a Bratislava |b Pravda |c 1957-1968 | ||
| 300 | |a 10 zv. |c 31-43 cm | ||
| 310 | |a 1x týždenne | ||
| 362 | 0 | |a Roč. I, č. 1 (máj 1957)-roč. VI, č. 52 (1962) ; roč. I, č. 1 (1965)-roč. IV, č. 20 (1968) | |
| 500 | |a Redaktori sa menia | ||
| 500 | |a Vyd. Pravda, vyd. ÚV KSS v Bratislave | ||
| 500 | |a Tlač. Pravda, Bratislava | ||
| 500 | |a Nadviazal na časopis Pod zástavou socializmu | ||
| 500 | |a Po ukončení vydávania bol nahradený od r. 1963 časopisom Kultúrna tvorba a od r. 1965 sa znovu vrátil k pôvodnému názvu Predvoj | ||
| 500 | |a Od r. 1968 pokračuje pod názvom: Nové slovo | ||
| 500 | |a Od r. 1965 rozmer zv. 43 cm | ||
| 650 | 0 | 7 | |a politika |2 SNKPH |9 968 |
| 650 | 0 | 7 | |a kultúra |2 SNKPH |9 886 |
| 650 | 0 | 7 | |a hospodárstvo |2 SNKPH |9 14275 |
| 655 | 7 | |a spoločenské časopisy |2 SNKPH |9 70515 | |
| 780 | 0 | 0 | |t Pod zástavou socializmu |x 0477-0528 |w vtls009153299 |
| 785 | 0 | 2 | |t Kultúrna tvorba |w vtls008882638 |
| 785 | 0 | 8 | |t Predvoj |x 0551-9292 |w vtls010302006 |
| 785 | 0 | 0 | |t Nové slovo |x 0323-2891 |w vtls008882661 |
| 852 | |a Štátna vedecká knižnica v Banskej Bystrici | ||
| 910 | |a snk | ||
| 910 | |a svkpo | ||
| 910 | |a snmk | ||
| 916 | |a 1957-1962, 1965-1968 | ||
| 999 | |c 8367 |d 10297 | ||
| 952 | |0 0 |1 0 |4 0 |7 0 |8 0 |a SNK |b SNK |d 1999-10-21 |f 1 |i snkČSP 624/68 |l 0 |o snkČSA 698/4/1968 |p 17A0215444 |r 2005-01-02 00:00:00 |t č. 1-20 |w 2026-02-21 |y PREZ | ||
| 952 | |0 0 |1 0 |4 0 |7 0 |a SNK |b SNK |d 1997-04-28 |f 1 |i snkČSP 270/69 |l 0 |o snkČSA 698/3/1967 |p 17A0062280 |r 2005-01-02 00:00:00 |t č. 1-52 |w 2026-02-21 |y PREZ | ||
| 952 | |0 0 |1 0 |4 0 |7 0 |a SNK |b SNK |d 1997-10-21 |i snkČSP 405/68 |l 0 |o snkČSA 698/3/1967 D1 |p 17A0104497 |r 2005-01-02 00:00:00 |t č. 1-52 |w 2026-02-21 |y PREZ | ||
| 952 | |0 0 |1 0 |4 0 |7 0 |a SNK |b SNK |d 1997-07-09 |l 0 |o snkČSA 698/2/1966 D1 |p 17A0079687 |r 2005-01-02 00:00:00 |t č. 1-52 |w 2026-02-21 |y PREZ | ||
| 952 | |0 0 |1 0 |4 0 |7 0 |a SNK |b SNK |d 2010-08-26 |i snkČSP 1500/67 |l 0 |o snkČSA 698/1/1965 D1 |p 17A0668165 |r 2026-02-21 19:54:18 |t č. 1-52 |w 2026-02-21 |y PREZ | ||
| 952 | |0 0 |1 0 |4 0 |7 0 |a SNK |b SNK |d 2011-04-29 |i snkČSP 1965/61 |l 0 |o snkČSB 1216/3/1959/1 D1 |p 17A0692189 |r 2026-02-21 20:06:05 |t č. 1-26 |w 2026-02-21 |y PREZ | ||
| 952 | |0 0 |1 0 |4 0 |7 0 |a SNK |b SNK |d 2011-04-29 |i snkČSP 1966/61 |l 0 |o snkČSB 1216/3/1959/2 D1 |p 17A0692188 |r 2026-02-21 20:06:05 |t č. 27-52 |w 2026-02-21 |y PREZ | ||
| 952 | |0 0 |1 0 |4 0 |7 0 |a SNK |b SNK |d 2011-04-29 |i snkČSP 696/62 |l 0 |o snkČSB 1216/5/1961 D1 |p 17A0692190 |r 2026-02-21 20:06:05 |t č. 1-52 |w 2026-02-21 |y PREZ | ||
| 952 | |0 0 |1 0 |4 0 |7 0 |a SNK |b SNK |d 2011-03-18 |i snkČSP 530/58 |l 0 |o snkČSB 1216/1957 D1 |p 17A0693523 |r 2026-02-21 20:07:42 |t č. 1-35 |w 2026-02-21 |y PREZ | ||
| 952 | |0 0 |1 0 |4 0 |7 0 |a SNK |b SNK |d 2003-01-11 |f 1 |i snkČSP 1743/61 |l 0 |o snkČSB 1216/4/1960 |p 17A0370144 |r 2005-01-02 00:00:00 |t č. 1-52 |w 2026-02-21 |y PREZ | ||
| 952 | |0 0 |1 0 |4 0 |7 0 |a SNK |b SNK |d 2011-10-24 |i snkČSP 697/70 |l 0 |o snkČSA 698/4/1968 D1 |p 17A0747503 |r 2026-02-21 20:29:45 |t č. 1-20 |w 2026-02-21 |y PREZ | ||
| 952 | |0 0 |1 0 |4 0 |7 0 |a SNK |b SNK |d 1997-10-24 |f 1 |i snkČSP 743/67 |l 0 |o snkČSA 698/2/1966 |p 17A0104864 |r 2005-01-02 00:00:00 |t č. 1-52 |w 2026-02-21 |y PREZ | ||
| 952 | |0 0 |1 0 |4 0 |7 0 |a SNK |b SNK |d 2002-08-06 |f 1 |i snkČSP 1274/60 |l 0 |o snkČSB 1216/3/1959/1 |p 17A0350090 |r 2005-01-02 00:00:00 |t č. 1-26 |w 2026-02-21 |y PREZ | ||
| 952 | |0 0 |1 0 |4 0 |7 0 |a SNK |b SNK |d 2001-06-09 |f 1 |i snkČSP 573/63 |l 0 |o snkČSB 1216/6/1962 |p 17A0304782 |r 2005-01-02 00:00:00 |t č. 1-52 |w 2026-02-21 |y PREZ | ||
| 952 | |0 0 |1 0 |4 0 |7 0 |a SNK |b SNK |d 2014-05-31 |i snkČSP 1072/67 |l 0 |o snkČSA 698/1/1965 D2 |p 17A0835983 |r 2026-02-21 21:03:38 |t č. 1-29 |w 2026-02-21 |y PREZ | ||
| 952 | |0 0 |1 0 |4 0 |7 0 |a SNK |b SNK |d 1998-07-08 |f 1 |i snkČSP 225/66 |l 0 |o snkČSA 698/1/1965 |p 17A0148114 |r 2005-01-02 00:00:00 |t č. 1-52 |w 2026-02-21 |y PREZ | ||
| 952 | |0 0 |1 0 |4 0 |7 0 |a SNK |b SNK |d 2012-11-29 |i snkČSP 549/59 |l 0 |o snkČSB 1216/1958 D1 |p 17A1053284 |r 2026-02-21 21:13:13 |t č. 1-52 |w 2026-02-21 |y PREZ | ||
| 952 | |0 0 |1 0 |4 0 |7 0 |a SNK |b SNK |d 1998-10-21 |f 1 |i snkČSP 307/62 |l 0 |o snkČSB 1216/5/1961 |p 17A0166515 |r 2005-01-02 00:00:00 |t č. 1-52 |w 2026-02-21 |y PREZ | ||
| 952 | |0 0 |1 0 |4 0 |7 0 |a SNK |b SNK |d 2021-04-15 |i snkČSP 645/62 |l 0 |o snkČSB 1216/4/1960 D1 |p 17A1347630 |r 2026-02-21 21:21:20 |t č. 1-52 |w 2026-02-21 |y PREZ | ||
| 952 | |0 0 |1 0 |4 0 |7 0 |a SNK |b SNK |d 1999-05-26 |f 1 |i snkČSP 548/59 |l 0 |o snkČSB 1216/2/1958 |p 17A0195651 |r 2005-01-02 00:00:00 |t č. 1-52 |w 2026-02-21 |y PREZ | ||
| 952 | |0 0 |1 0 |4 0 |7 0 |a SNK |b SNK |d 2004-12-07 |f 1 |i snkČSP 529/58 |l 0 |o snkČSB 1216/1/1957 |p 17A0452772 |r 2005-01-02 00:00:00 |t č. 1-35 |w 2026-02-21 |y PREZ | ||
| 952 | |0 0 |1 0 |4 0 |7 0 |a SNK |b SNK |d 2001-02-21 |f 1 |i snkČSP 1275/60 |l 0 |o snkČSB 1216/3/1959/2 |p 17A0268118 |r 2005-01-02 00:00:00 |t č. 27-52 |w 2026-02-21 |y PREZ | ||
| 952 | |0 0 |1 0 |4 0 |7 0 |a SNK |b SNK |d 2017-12-06 |i snkČSP 376/64 |l 0 |o snkČSB 1216/6/1962 D1 |p 17A1188926 |r 2026-02-21 22:18:36 |t č. 1-52 |w 2026-02-21 |y PREZ |z č. 1-52 | ||


